Analýza čistých príjmov krajín V4 v porovnaní s krajinami EU

Disparita životnej úrovne vyjadrenej prostredníctvom čistého ročného príjmu obyvateľa. Príjmové nerovnosti sú porovnávané v rámci krajín V4 a krajín Európskej únie.

Salvato in:
Dettagli Bibliografici
Autore principale: König, Brian, 1983-
Natura: Capitolo di libro
Lingua:slovacco
Soggetti:
Tags: Aggiungi Tag
Nessun Tag, puoi essere il primo ad aggiungerne!!

MARC

LEADER 00000nla a2200000 4500
001 0195720
005 20240502073304.3
041 0 |a slo 
044 |a SK 
245 1 0 |a Analýza čistých príjmov krajín V4 v porovnaní s krajinami EU  |c Brian König 
520 |a Disparita životnej úrovne vyjadrenej prostredníctvom čistého ročného príjmu obyvateľa. Príjmové nerovnosti sú porovnávané v rámci krajín V4 a krajín Európskej únie. 
610 2 0 |a sila kúpna obyvateľstva 
610 2 0 |a situácia finančná obyvateľstva 
610 2 0 |a nerovnosť 
610 2 0 |a úroveň životná 
610 2 0 |a Vyšehradská štvorka 
610 2 0 |a Európska únia 
100 1 |a König, Brian, 1983-